[Event "ch-BEL"]
[Site "Geel BEL"]
[Date "2002.08.02"]
[Round "7"]
[White "Goormachtigh,J"]
[Black "Ahn,M"]
[Result "0-1"]
[WhiteElo "2291"]
[BlackElo "2294"]

1.d4 Nf6 2.c4 g6 3.Nc3 Bg7 4.e4 d6 5.Be2 O-O 6.Nf3 e5 7.Be3 exd4 8.Nxd4 Re8
9.f3 c6 10.Qd2 d5 11.exd5 cxd5 12.O-O Nc6 13.c5 Rxe3 14.Qxe3 Qf8 15.Ncb5 Qxc5
16.Qf2 Bd7 17.Nxc6 Qxf2+ 18.Kxf2 bxc6 19.Nc3 Rb8 20.Na4 Nh5 21.Rfd1 Rb4 22.Nc5 Be8
23.Nd3 Rh4 24.h3 Bd4+ 25.Ke1 Be3 26.b4 Rc4 27.Rab1 Ng3 28.a3 Rc3 29.a4 g5
30.Rb2 h5 31.b5 cxb5 32.axb5  0-1

[Event "ch-BEL"]
[Site "Geel BEL"]
[Date "2002.08.02"]
[Round "7"]
[White "Bagheri,A"]
[Black "Dgebuadze,A"]
[Result "0-1"]
[WhiteElo "2451"]
[BlackElo "2531"]

1.d4 Nf6 2.Nf3 g6 3.c4 Bg7 4.Nc3 O-O 5.e4 d6 6.Be2 e5 7.O-O Na6 8.d5 Ng4
9.Rb1 c5 10.a3 f5 11.Ng5 Nf6 12.exf5 gxf5 13.f4 e4 14.Be3 h6 15.Nh3 Nc7 16.Nf2 Qe8
17.b4 b6 18.Rb3 Kh8 19.h3 h5 20.Nh1 Qg6 21.Bf2 Rg8 22.Nb1 Bd7 23.Bh4 Ba4
24.Ng3 Raf8 25.Nc3 Bxb3 26.Qxb3 Nh7 27.Bxh5 Bd4+ 28.Kh2 Qg7 29.Nd1 Qh6 30.Be7 Rxg3
31.Qxg3 Qxh5 32.Bxf8 Nxf8 33.Qg5 Qxg5 34.fxg5 e3 35.Nxe3 Bxe3 36.Rxf5 Kg7
37.b5 Ng6 38.g3  0-1

[Event "Inline Czechia Cup"]
[Site "Olomouc CZE"]
[Date "2002.08.02"]
[Round "3"]
[White "Florea,D"]
[Black "Llaneza Vega,P"]
[Result "0-1"]
[WhiteElo "2303"]
[BlackElo "2302"]

1.d4 Nf6 2.c4 g6 3.Nc3 Bg7 4.e4 d6 5.Be2 O-O 6.Nf3 e5 7.d5 a5 8.Bg5 h6 9.Bh4 Na6
10.Nd2 Re8 11.O-O Nh7 12.a3 Bd7 13.b4 h5 14.f3 axb4 15.axb4 Nxb4 16.Qb3 Bh6
17.Rad1 Na6 18.Qxb7 Qb8 19.Qxb8 Rexb8 20.Nb5 Bxb5 21.cxb5 Nc5 22.Rfe1 Na4
23.Nf1 Nc3 24.Rd3 Ra3 25.Kh1 Rba8 26.Bf2 f5 27.exf5 gxf5 28.b6 cxb6 29.Bxb6 Nf6
30.Bg1 h4 31.Bf2 Nh5 32.g3 Nxe2 33.Rxa3 Nexg3+ 34.Nxg3 Nxg3+ 35.Bxg3 Rxa3
36.Bxh4 Rxf3 37.Be7 Bf8 38.Rg1+ Kf7 39.Bxf8 Kxf8 40.Rg6 Ke7 41.Rg7+ Kf6 42.Rd7 e4
43.Rxd6+ Ke5 44.Rd8 Rd3 45.h4 Rxd5 46.Rg8 Kf4 47.h5 e3 48.Kg2 Rd2+ 49.Kh3 Rd1  0-1

[Event "Lost Boys Open"]
[Site "Amsterdam NED"]
[Date "2002.08.03"]
[Round "9"]
[White "Martinez Rodriguez,P"]
[Black "Piasetski,L"]
[Result "1/2-1/2"]
[WhiteElo "2222"]
[BlackElo "2350"]

1.d4 Nf6 2.c4 g6 3.Nc3 Bg7 4.e4 d6 5.Nf3 O-O 6.Be2 e5 7.d5 Na6 8.O-O Nc5
9.Qc2 a5 10.Bg5 b6 11.Nd2 h6 12.Be3 Nfd7 13.Kh1 h5 14.Rab1 Kh7 15.b3 Bh6
16.Bxh6 Kxh6 17.a3 f5 18.exf5 gxf5 19.b4 Na6 20.f4 e4 21.Nd1 Nf6 22.Qc3 Bd7
23.Nb3 a4 24.Nd4 Qe8 25.Ne3 Qg6 26.g3 Rf7  1/2-1/2

[Event "FSGM August"]
[Site "Budapest HUN"]
[Date "2002.08.04"]
[Round "2"]
[White "Bui Vinh"]
[Black "Rajlich,V"]
[Result "1-0"]
[WhiteElo "2444"]
[BlackElo "2338"]

1.d4 Nf6 2.c4 g6 3.Nc3 Bg7 4.e4 d6 5.Nf3 O-O 6.Be2 e5 7.d5 a5 8.Bg5 h6 9.Bh4 Na6
10.O-O Qe8 11.Nd2 Nh7 12.a3 Bd7 13.b3 h5 14.f3 Bh6 15.Kh1 Be3 16.Qc2 Kg7
17.Rae1 g5 18.Bf2 Bxf2 19.Rxf2 h4 20.Nf1 Rh8 21.Qb2 Nf6 22.b4 axb4 23.axb4 Nh5
24.Ne3 f6 25.Kg1 Qb8 26.c5 Nf4 27.Bxa6 bxa6 28.c6 Bc8 29.Rd1 Qa7 30.Qd2 Rb8
31.Ne2 Kf7 32.Rb1 Ke7 33.Kf1 Kf7 34.h3 Nh5 35.Ke1 Ke7 36.Nc4 Rg8 37.Qe3 Qxe3
38.Nxe3 Nf4 39.Kd2 Rh8 40.Nc3 Kd8 41.Rff1 Rh7 42.Rb3 Rb6 43.Ra1 Rh8 44.b5 Ke7
45.Ra5 axb5 46.Nxb5 Ba6 47.Nf5+ Kd8 48.Rba3 Bc8 49.Ra8 Rxb5 50.Rxc8+ Kxc8
51.Ra8+ Rb8 52.Ne7+ Kd8 53.Rxb8+ Kxe7 54.Rxh8 Nxg2 55.Rc8 Nf4 56.Rxc7+ Ke8
57.Rh7 Kd8 58.Rd7+ Kc8 59.Rxd6 Nxh3 60.Rxf6 Kc7 61.Rf7+ Kb6 62.Rb7+ Ka6 63.Rb1  1-0

[Event "7th Open"]
[Site "Creon FRA"]
[Date "2002.08.04"]
[Round "9"]
[White "Epishin,V"]
[Black "Nevednichy,V"]
[Result "1-0"]
[WhiteElo "2643"]
[BlackElo "2537"]

1.d4 g6 2.c4 Bg7 3.e4 d6 4.Nf3 Nf6 5.Nc3 O-O 6.Be2 e5 7.O-O Na6 8.Re1 Qe8
9.Bg5 Bg4 10.Bxf6 Bxf6 11.d5 Bd7 12.Rc1 Qe7 13.a3 c5 14.dxc6 bxc6 15.b4 Nc7
16.Na4 Rad8 17.Qb3 Bg7 18.Qe3 f5 19.Nc3 Ne6 20.c5 dxc5 21.exf5 Rxf5 22.Bd3 Rh5
23.Rcd1 Rf8 24.Bc4 Kh8 25.Bxe6 Bxe6 26.Qxc5 Qxc5 27.bxc5 Bg4 28.Ne4 Rhf5
29.Rd6 Bxf3 30.gxf3 Rxf3 31.Rxc6 Rxa3 32.Rc7 Ra4 33.Kg2 a5 34.Ra7 Rc4 35.Rxa5 Bf6
36.Ra7 Bh4 37.Re7 g5 38.Re2 g4 39.Rxe5 Rc1 40.Rh5 Be7 41.Nd6 Bf6 42.Re4 Rd1
43.Rf5 Bg7 44.Rxg4 h6 45.Rxf8+ Bxf8 46.Nf7+ Kh7 47.Rc4 Rd7 48.c6 Rc7 49.Ne5 Bd6
50.f4 Kg7 51.Kf3 Kf6 52.Ng4+ Kg6 53.Ne3 h5 54.Nd5 Rc8 55.Nc3 h4 56.Nb5  1-0

[Event "ch-SLO"]
[Site "Dobrna SLO"]
[Date "2002.08.05"]
[Round "3"]
[White "Jelen,Ig"]
[Black "Gombac,Jan"]
[Result "1-0"]
[WhiteElo "2365"]
[BlackElo "2246"]

1.d4 g6 2.c4 Bg7 3.Nf3 d6 4.Nc3 Nf6 5.e4 O-O 6.Be2 e5 7.O-O Nh5 8.Bg5 f6
9.Be3 Nf4 10.c5 Nxe2+ 11.Qxe2 exd4 12.Nxd4 dxc5 13.Qc4+ Kh8 14.Qxc5 Na6 15.Qc4 Qe8
16.Rad1 c6 17.b4 Nc7 18.b5 Nxb5 19.Ndxb5 Be6 20.Qb4 a5 21.Qb2 cxb5 22.Nxb5 Bxa2
23.Nc7 Qf7 24.Nxa8 Rxa8 25.Rd6 Bb3 26.Bd4 Rf8 27.Re1 a4 28.h3 b5 29.Re3 b4
30.Rf3 Be6 31.Qxb4 Ra8 32.Qb6 Re8 33.Qc6 Qe7 34.Rxf6 Bg8 35.Rf3 Qxe4 36.Bxg7+ Kxg7
37.Rd7+ Kh6 38.Qc1+ Kh5 39.g4+  1-0

[Event "II UPI"]
[Site "Mancha Real ESP"]
[Date "2002.08.05"]
[Round "4"]
[White "Sanchez Jimenez,JC"]
[Black "Carruana Fuentes,R"]
[Result "1-0"]
[WhiteElo "2263"]
[BlackElo "2096"]

1.d4 Nf6 2.Nf3 g6 3.c4 Bg7 4.Nc3 O-O 5.e4 d6 6.Be2 e5 7.dxe5 dxe5 8.Qxd8 Rxd8
9.Bg5 c6 10.Nxe5 Re8 11.O-O-O Na6 12.Rd6 Be6 13.f4 h6 14.Bh4 g5 15.Bg3 Nc5
16.Bf3 g4 17.Bf2 gxf3 18.Bxc5 Bf8 19.gxf3 Bxd6 20.Bxd6 Nd7 21.Nxd7 Bxd7 22.f5 f6
23.Rd1 Bc8 24.Bg3 Re7 25.Rd6 Rf7 26.Bh4 Bd7 27.Bxf6 Re8 28.Bd4 h5 29.Rg6+ Kh7
30.Rg5 Kh6 31.h4 Bc8 32.Be3 Bd7 33.Ne2 Rg7 34.Ng3 Rxg5 35.hxg5+ Kh7 36.Nxh5  1-0

[Event "ch-GBR"]
[Site "Torquay ENG"]
[Date "2002.08.05"]
[Round "7"]
[White "Berry,N"]
[Black "Lane,G"]
[Result "1/2-1/2"]
[WhiteElo "2255"]
[BlackElo "2446"]

1.d4 Nf6 2.c4 g6 3.Nc3 Bg7 4.e4 d6 5.Nf3 O-O 6.Be2 e5 7.O-O Nbd7 8.Be3 Ng4
9.Bg5 f6 10.Bd2 Nh6 11.Qc2 c6 12.Rad1 Qe7 13.b4 Nf7 14.Bc1 Bh6 15.Bb2 Ng5
16.Nxg5 Bxg5 17.dxe5 fxe5 18.Qd3 Rf6 19.Ba3 Kg7 20.Bg4 Nb6 21.Bxc8 Rxc8 22.c5 dxc5
23.bxc5 Na8 24.Qd7 Qxd7 25.Rxd7+ Rf7 26.Rfd1 Rf8 27.Na4 Rxd7 28.Rxd7+ Rf7
29.Rd3 Nc7 30.Bb2 Re7 31.g3 Kf7 32.Bc3 Ke8 33.Kf1 Nb5 34.Bb2 Re6 35.Ke2 Bd8
36.Ke3 b6 37.Ke2 Re7 38.Rd1 Bc7 39.f3 Rd7 40.Rxd7 Kxd7 41.Ke3 Ke7  1/2-1/2

[Event "Inline Czechia Cup"]
[Site "Olomouc CZE"]
[Date "2002.08.07"]
[Round "8"]
[White "Wiley,To"]
[Black "Ganesh,DV"]
[Result "1-0"]
[WhiteElo "2248"]
[BlackElo "2063"]

1.d4 Nf6 2.c4 g6 3.Nc3 Bg7 4.e4 d6 5.Nf3 O-O 6.Be2 e5 7.Be3 Nc6 8.d5 Ne7
9.Nd2 Ne8 10.g4 f5 11.f3 fxg4 12.fxg4 Nxd5 13.Bf2 Rxf2 14.Kxf2 Qh4+ 15.Kg1 Nf4
16.Bf3 Nh3+ 17.Kg2 Nf6 18.Rf1 Nxg4 19.Bxg4 Bxg4 20.Qe1 Nf4+ 21.Kh1 Qh5 22.Qg3 Bh6
23.Nf3 Rf8 24.Ng1 Bg5 25.b3 Bh4 26.Qe3 c6 27.Rab1 Re8 28.Rb2 b6 29.Nce2 Nxe2
30.Nxe2 Bg5 31.Qf2 Be6 32.Ng3 Qg4 33.Re2 Bf4 34.Qg2 Rd8 35.Rfe1 h5 36.Nf1 d5
37.cxd5 cxd5 38.Ne3 Qxg2+ 39.Nxg2 dxe4 40.Rxe4 Bd5 41.Rd1 Bxe4 42.Rxd8+ Kf7
43.Rd7+ Kf6 44.Rxa7 Be3 45.h3 g5 46.Kh2 Bd4 47.a4 Bc3 48.Ne3 Bd2 49.Nc4 Bf4+
50.Kg1 Bd5 51.Kf2 Kf5 52.Ne3+ Ke4 53.Nxd5 Kxd5 54.a5 Ke4 55.a6 Be3+ 56.Ke2 g4
57.hxg4 hxg4 58.Rg7  1-0

[Event "9th Open"]
[Site "Nice FRA"]
[Date "2002.08.08"]
[Round "5"]
[White "Harestad,H"]
[Black "Solomunovic,I"]
[Result "1/2-1/2"]
[WhiteElo "2186"]
[BlackElo "2421"]

1.d4 Nf6 2.c4 g6 3.Nc3 Bg7 4.e4 d6 5.Nf3 O-O 6.Be2 Nbd7 7.O-O e5 8.Be3 h6
9.h3 exd4 10.Nxd4 Re8 11.Qc2 c6 12.Rad1 Qe7 13.Bd3 Nc5 14.Rfe1 Bd7 15.f3 Nh5
16.Bf1 Be5 17.Qd2 Bg3 18.Bf2 Bf4 19.Be3 Qe5 20.Bxf4 Nxf4 21.Nc2 Rad8 22.Qf2 Bc8
23.Rd2 a5 24.Red1 b6 25.Nd4 Bd7 26.Nc2 Bc8 27.Nd4 Bd7 28.Nde2 Nxe2+ 29.Bxe2 Bc8
30.Qh4 g5 31.Qf2 Kf8 32.Bf1 f5 33.exf5 Bxf5 34.h4 Qf6 35.hxg5 hxg5 36.Qg3 Re5
37.Ne2 Bd7 38.Rxd6 Qe7 39.R6d4 Re8 40.Nc3 Bc8 41.Bd3 Re1+ 42.Rxe1 Qxe1+ 43.Qxe1 Rxe1+
44.Kf2 Rc1 45.Be4 Bd7 46.Rd2 Ke7 47.Ke3 Re1+ 48.Re2 Rxe2+ 49.Nxe2 Kd6 50.Nc1 Be6
51.b3 a4 52.Bc2 axb3 53.axb3 b5 54.Kd4 bxc4 55.bxc4 Nd7 56.Nd3 c5+ 57.Kc3 Nf6
58.Nf2 Ke5 59.g3 Bd7 60.Be4 Nh5 61.Nd3+ Kd6 62.g4 Nf6 63.Bb7 Be6 64.Nf2 Kc7
65.Ba8 Kb8 66.Be4 Kc7 67.Bg6 Kd6 68.Nh3 Nxg4 69.fxg4 Bxg4 70.Nxg5 Be2 71.Be4 Kc7
72.Bd5  1/2-1/2

[Event "Inline Czechia Cup"]
[Site "Olomouc CZE"]
[Date "2002.08.08"]
[Round "9"]
[White "Gavrilov,Al"]
[Black "Maslak,A"]
[Result "1-0"]
[WhiteElo "2487"]
[BlackElo "2305"]

1.d4 Nf6 2.c4 g6 3.Nc3 Bg7 4.e4 d6 5.Nf3 O-O 6.Be2 e5 7.Be3 h6 8.O-O Nc6
9.d5 Ne7 10.Nd2 c5 11.Rb1 b6 12.b4 cxb4 13.Rxb4 Nd7 14.a4 a5 15.Rb2 Ba6 16.Qc2 h5
17.Rfb1 Nc8 18.Nf3 Ra7 19.Nb5 Bxb5 20.Rxb5 Rc7 21.h4 f6 22.Ne1 Kh7 23.f3 Bh6
24.Bf2 Rg8 25.g3 Qf8 26.Ng2 Kh8 27.Bd3 g5 28.Kf1 Nc5 29.Ke2 Rcg7 30.hxg5 fxg5
31.Rh1 Qf7 32.Ne3 g4 33.Nf5 gxf3+ 34.Kf1 Rh7 35.Qd1 Rg4 36.Qxf3 Nxa4 37.Be2 Bf8
38.Qe3 Rg8 39.Kg2 Nc5 40.Rbb1 Qg6 41.Rxh5 Rg7 42.Nxg7 Bxg7 43.Rbh1 Rxh5 44.Bxh5  1-0

[Event "6th HZ Open"]
[Site "Vlissingen NED"]
[Date "2002.08.09"]
[Round "7"]
[White "Ikonnikov,V"]
[Black "Rosmuller,A"]
[Result "1-0"]
[WhiteElo "2527"]
[BlackElo "2138"]

1.d4 Nf6 2.Nf3 g6 3.c4 Bg7 4.Nc3 O-O 5.e4 d6 6.Be2 e5 7.O-O Nbd7 8.Qc2 c6
9.Rd1 exd4 10.Nxd4 Re8 11.Bg5 a5 12.f3 a4 13.Qd2 Qa5 14.Nc2 d5 15.cxd5 cxd5
16.exd5 Ne5 17.Kh1 Bd7 18.a3 Rac8 19.Ne3 b5 20.d6 Qa8 21.Ncd5 Nxd5 22.Nxd5  1-0

[Event "Juventus"]
[Site "Bucharest ROM"]
[Date "2002.08.10"]
[Round "6"]
[White "Gordin,A"]
[Black "Grigore,Ge"]
[Result "0-1"]
[WhiteElo "2296"]
[BlackElo "2486"]

1.d4 Nf6 2.c4 g6 3.Nc3 Bg7 4.e4 d6 5.Nf3 O-O 6.Be2 e5 7.O-O exd4 8.Nxd4 Re8
9.f3 Nh5 10.g4 Nf6 11.Be3 h5 12.h3 c6 13.Qd2 Nbd7 14.g5 Nh7 15.h4 a5 16.Rfd1 Ne5
17.Kh1 Qd7 18.Bf1 c5 19.Ndb5 Nxf3 20.Qf2 Qg4 21.Nxd6 Be6 22.Nxe8 Rxe8 23.Bg2 Nxh4
24.Rg1 Bxc3 25.bxc3 Nxg2 26.Rxg2 Qxe4 27.Kh2 Bxc4 28.Bf4 Qf5 29.Qg3 b5 30.Rf2 b4
31.Bc7 Qd5 32.Bf4 a4 33.Rd2 Qe4 34.Bd6 b3 35.Bxc5 bxa2 36.Bd4 h4 37.Qc7 Nxg5
38.Rf2 Bd5 39.Rg1 a1=Q 40.Rxa1 Nf3+ 41.Rxf3 Qxf3 42.Rg1 Re2+  0-1

[Event "ch-AUT"]
[Site "Oberpullendorf AUT"]
[Date "2002.08.10"]
[Round "1"]
[White "Hackbarth,W"]
[Black "Sandhoefner,F"]
[Result "0-1"]
[WhiteElo "2140"]
[BlackElo "2257"]

1.c4 Nf6 2.d4 g6 3.Nf3 Bg7 4.Nc3 O-O 5.e4 d6 6.Be2 e5 7.Bg5 Qe8 8.d5 a5 9.h3 Na6
10.Qc2 Nh5 11.Ng1 Nf4 12.g3 Nxe2 13.Qxe2 f5 14.g4 Nc5 15.f3 Bd7 16.O-O-O Rb8
17.Nb5 Bxb5 18.cxb5 fxe4 19.fxe4 h6 20.Bh4 Rf4 21.Qc2 Qxb5 22.Ne2 Rf3 23.Kb1 Rbf8
24.Be1 a4 25.h4 Re3 26.Nc3 Qc4 27.Bf2 Rxc3 28.bxc3 Rxf2 29.Qxf2 Nxe4 30.Qf1 Nxc3+
31.Kc2 Qxa2+ 32.Kd3 Nxd1 33.Qxd1 Qxd5+ 34.Kc2 Qg2+ 35.Kd3 d5 36.Kc3 c5 37.Qxa4  0-1

[Event "15th Open"]
[Site "Kiel GER"]
[Date "2002.08.11"]
[Round "3"]
[White "Levin,F"]
[Black "Hertel,P"]
[Result "1-0"]
[WhiteElo "2524"]
[BlackElo "2273"]

1.d4 Nf6 2.c4 g6 3.Nc3 Bg7 4.e4 d6 5.Nf3 O-O 6.Be2 e5 7.Be3 Ng4 8.Bg5 f6
9.Bc1 Nc6 10.d5 Ne7 11.h3 Nh6 12.h4 Nf7 13.h5 f5 14.hxg6 hxg6 15.exf5 gxf5
16.Ng5 Nxg5 17.Bxg5 Bd7 18.Qd3 Be8 19.Qg3  1-0

[Event "ch-AUT"]
[Site "Oberpullendorf AUT"]
[Date "2002.08.12"]
[Round "3"]
[White "Wukits,R"]
[Black "Schweda,R"]
[Result "0-1"]
[WhiteElo "2293"]
[BlackElo "2336"]

1.d4 Nf6 2.c4 g6 3.Nc3 Bg7 4.e4 O-O 5.Nf3 d6 6.Be2 e5 7.d5 a5 8.O-O Na6 9.Ne1 Nc5
10.Qc2 Bd7 11.Bg5 h6 12.Be3 b6 13.Kh1 Qe7 14.h3 Nh7 15.Nd3 f5 16.exf5 gxf5
17.f4 Ne4 18.Rfe1 Rae8 19.Bf1 Ng3+ 20.Kg1 Qh4 21.Ne2 exf4 22.Bxf4 Nxe2+ 23.Rxe2 Re4
24.g3 Qh5 25.Rae1 Ng5 26.Bg2 Nxh3+ 27.Bxh3 Qxh3 28.Rxe4 fxe4 29.Nf2 Qh5 30.Rxe4 Qg6
31.Qd2 Rf7 32.Kf1 h5 33.b3 Kh7 34.a3 Be5 35.Kg2 Bf5 36.Re2 Bxf4 37.Qxf4 Bg4  0-1

[Event "ch-AUT"]
[Site "Oberpullendorf AUT"]
[Date "2002.08.12"]
[Round "3"]
[White "Danner,G"]
[Black "Knoll,H"]
[Result "1-0"]
[WhiteElo "2369"]
[BlackElo "2332"]

1.d4 Nf6 2.Nf3 g6 3.c4 Bg7 4.Nc3 O-O 5.e4 d6 6.Be2 e5 7.d5 a5 8.Be3 Na6 9.Nd2 Ne8
10.O-O f5 11.exf5 gxf5 12.f4 e4 13.Nb3 c5 14.dxc6 bxc6 15.Qd2 Nac7 16.Na4 Ne6
17.Rad1 Bd7 18.Nb6 a4 19.Nxa8 axb3 20.Nb6 bxa2 21.Ra1 c5 22.Nxd7 Qxd7 23.Rxa2 Bd4
24.b4 Nf6 25.b5 d5 26.cxd5 Nxd5 27.Bxd4 cxd4 28.Bc4 Ne3 29.Bxe6+ Qxe6 30.Rc1 Qd5
31.Ra7 Ng4 32.Rcc7 Nf6 33.Qe1 Qb3 34.h3 Kh8 35.Qh4 Qg8 36.Rc6 Nd5 37.Rh6 Rf7
38.Rxf7 Qxf7 39.Qd8+ Kg7 40.Rd6 Nf6  1-0

[Event "FSIMB August"]
[Site "Budapest HUN"]
[Date "2002.08.13"]
[Round "11"]
[White "Metaxasz,V"]
[Black "Pirisi,G"]
[Result "1/2-1/2"]
[WhiteElo "2181"]
[BlackElo "2279"]

1.d4 Nf6 2.c4 g6 3.Nc3 Bg7 4.e4 d6 5.Nf3 O-O 6.Be2 e5 7.dxe5 dxe5 8.Qxd8 Rxd8
9.Bg5 Re8 10.Nd5 Nxd5 11.cxd5 c6 12.Bc4 cxd5 13.Bxd5 Nc6 14.Bxc6 bxc6 15.Nd2  1/2-1/2

[Event "ch-AUT"]
[Site "Oberpullendorf AUT"]
[Date "2002.08.13"]
[Round "4"]
[White "Waller,H"]
[Black "Eder,M"]
[Result "0-1"]
[WhiteElo "2168"]
[BlackElo "2211"]

1.d4 Nf6 2.c4 g6 3.Nc3 Bg7 4.e4 d6 5.Nf3 O-O 6.Be2 e5 7.Bg5 exd4 8.Nxd4 h6
9.Bh4 Qe8 10.f3 a6 11.Qd2 Nc6 12.Nxc6 bxc6 13.O-O Rb8 14.Rad1 Kh7 15.g4 d5
16.cxd5 cxd5 17.Bxf6 Bxf6 18.Nxd5 Bg7 19.b3 f5 20.exf5 gxf5 21.Rfe1 Qd8 22.Bc4 c6
23.Nf4 Qxd2 24.Rxd2 fxg4 25.Bd3+ Kg8 26.Ng6 Bd4+ 27.Kf1 Rxf3+ 28.Kg2 c5 29.Re8+ Kg7
30.Be4 Rf7 31.Re2 h5 32.Ne5 Rf8 33.Re7+ Kf6 34.Nc6 Rb6 35.Bd5 Kg5 36.Nxd4 cxd4
37.Rg7+ Kh4 38.Re4 Rbf6 39.Re2 a5 40.Rd2 Ba6 41.Re7 Bf1+ 42.Kg1 Bh3  0-1

[Event "ch-AUT"]
[Site "Oberpullendorf AUT"]
[Date "2002.08.13"]
[Round "4"]
[White "Danner,G"]
[Black "Stanec,N"]
[Result "1/2-1/2"]
[WhiteElo "2369"]
[BlackElo "2523"]

1.d4 Nf6 2.Nf3 g6 3.c4 Bg7 4.Nc3 O-O 5.e4 d6 6.Be2 e5 7.d5 a5 8.Be3 Ne8 9.Nd2 f5
10.exf5 gxf5 11.f4 Qh4+ 12.g3 Qe7 13.O-O Nf6 14.Qc2 e4 15.Nb3 Na6 16.Rad1  1/2-1/2

[Event "ch-AUT"]
[Site "Oberpullendorf AUT"]
[Date "2002.08.16"]
[Round "7"]
[White "Hackbarth,W"]
[Black "Kuthan,A"]
[Result "1/2-1/2"]
[WhiteElo "2140"]
[BlackElo "2228"]

1.c4 Nf6 2.d4 g6 3.Nc3 Bg7 4.e4 d6 5.Nf3 O-O 6.Be2 e5 7.O-O exd4 8.Nxd4 Re8
9.f3 c6 10.Nc2 Na6 11.Be3 Nc7 12.Qd2 d5 13.Rad1 Be6 14.Bg5 Qc8 15.Ne3 Nxe4
16.Nxe4 dxe4 17.fxe4 Na6 18.b3 Nc5 19.Bf3 Qc7 20.Bh4 Qe5 21.Qc2 Qf4 22.Bf2 Be5
23.Rfe1 Qxh2+ 24.Kf1 Qf4 25.Nd5 cxd5 26.cxd5 Bh3 27.Qe2  1/2-1/2

[Event "ADCF Masters"]
[Site "Abu Dhabi UAE"]
[Date "2002.08.17"]
[Round "6"]
[White "Khalid AlShaali"]
[Black "Umansky,Vl"]
[Result "0-1"]
[WhiteElo "2197"]
[BlackElo "2405"]

1.d4 Nf6 2.Nf3 g6 3.c4 Bg7 4.Nc3 O-O 5.e4 d6 6.Be2 Nbd7 7.O-O e5 8.Re1 h6
9.Bf1 Nh7 10.dxe5 dxe5 11.Be3 Re8 12.Qd2 h5 13.Rad1 c6 14.Re2 Qe7 15.Ne1 Nhf8
16.Nc2 Ne6 17.b4 Nd4 18.Nxd4 exd4 19.Bxd4 Qxb4 20.Bxg7 Kxg7 21.Qd4+ Kg8 22.e5 Nc5
23.Red2 Bf5 24.Qe3 Kg7 25.Ne2 Qb6 26.Ng3 Bg4 27.f3 h4 28.Ne2 Bf5 29.Nd4 Ne6
30.c5 Qb4 31.Nxe6+ Rxe6 32.Rc1 Rae8 33.Rc4 Qa5 34.Rxh4 Rxe5 35.Qh6+ Kf6 36.Rd6+ R5e6
37.Rxe6+ Rxe6 38.Qh8+ Ke7 39.Rd4 Re1 40.Qh4+ Ke8 41.Qf6 Re6 42.Qh8+ Ke7 43.Qb8 Kf6  0-1

[Event "ch-AUT"]
[Site "Oberpullendorf AUT"]
[Date "2002.08.17"]
[Round "8"]
[White "Genser,H"]
[Black "Baumegger,S"]
[Result "1/2-1/2"]
[WhiteElo "2248"]
[BlackElo "2364"]

1.d4 Nf6 2.c4 d6 3.Nc3 Nbd7 4.e4 e5 5.Nf3 g6 6.Be2 Bg7 7.O-O O-O 8.Re1 c6
9.Bf1 Re8 10.d5 c5 11.a3 Re7 12.b4 b6 13.Nd2 Ne8 14.Nb3 f5 15.f3 f4 16.Na4 Bf6
17.bxc5 Nxc5 18.Naxc5 dxc5 19.Re2 Nd6 20.Rc2 Bh4 21.a4 g5 22.g3 fxg3 23.hxg3 Bxg3
24.Bxg5 Bf4 25.Bxf4 Rg7+ 26.Kh1 exf4 27.Raa2 a5 28.Rg2 Ra7 29.Qa1 Qh4+ 30.Rh2 Qg3
31.Rag2 Qxf3 32.Nd2 Qe3 33.Qf6 Rd7 34.Qe6+ Kh8 35.Qf6 Kg8 36.Qe6+ Kh8 37.Qf6  1/2-1/2

[Event "It"]
[Site "Tel Aviv ISR"]
[Date "2002.08.17"]
[Round "10"]
[White "Gofshtein,Z"]
[Black "Klenburg,M"]
[Result "1/2-1/2"]
[WhiteElo "2519"]
[BlackElo "2376"]

1.d4 Nf6 2.c4 g6 3.Nc3 Bg7 4.e4 d6 5.Nf3 O-O 6.Be2 e5 7.dxe5 dxe5 8.Qxd8 Rxd8
9.Nd5 Nxd5 10.cxd5 c6 11.Bc4 b5 12.Bb3 a5  1/2-1/2

[Event "Open"]
[Site "Birstonas LIT"]
[Date "2002.08.18"]
[Round "2"]
[White "Bercys,S"]
[Black "Martinkus,R"]
[Result "1/2-1/2"]
[WhiteElo "2174"]
[BlackElo "2323"]

1.d4 Nf6 2.c4 g6 3.Nc3 Bg7 4.e4 d6 5.Nf3 O-O 6.Be2 Nbd7 7.O-O e5 8.Be3 h6
9.h3 Nh7 10.Qd2 g5 11.d5 Re8 12.Ne1 Ndf8 13.Bg4 Ng6 14.Ne2 Nf4 15.Ng3 Nf8
16.Nd3 N8g6 17.Bxc8 Qxc8 18.Nf5 Ne7 19.Nxe7+ Rxe7 20.f3 f5 21.c5 Nxd3 22.Qxd3 f4
23.Bf2 h5 24.Rac1 Qe8 25.Rc3 Bf8 26.Rfc1 Qf7 27.Qb5 b6 28.cxd6 cxd6 29.Rc6 Rd8
30.Qd3 Qg6 31.Kf1 Rg7 32.Rc7 Rdd7 33.Rxd7 Rxd7 34.Qe2 Rg7 35.Rc8 Qf7 36.Qb5 g4
37.hxg4 hxg4 38.fxg4 f3 39.Qd3 fxg2+ 40.Kxg2 Rxg4+ 41.Bg3 Qd7 42.Rc6 Bh6
43.Qf3 Bf4 44.Rc7 Qxc7 45.Qxg4+ Kh7 46.Bxf4 Qc2+ 47.Kh3 exf4 48.Qxf4 Qxb2
49.Qxd6 Qxa2 50.Qe7+ Kg6 51.d6 Qf7 52.Qe5 Qf3+ 53.Qg3+  1/2-1/2

[Event "ADCF Masters"]
[Site "Abu Dhabi UAE"]
[Date "2002.08.19"]
[Round "8"]
[White "Khalid AlShaali"]
[Black "Nadir,S"]
[Result "1-0"]
[WhiteElo "2197"]
[BlackElo "2207"]

1.d4 Nf6 2.Nf3 g6 3.c4 Bg7 4.Nc3 O-O 5.e4 d6 6.Be2 e5 7.dxe5 dxe5 8.Qxd8 Rxd8
9.Bg5 c6 10.Nxe5 Re8 11.O-O-O Rxe5 12.Rd8+ Re8 13.Bxf6 Rxd8 14.Bxd8 Bxc3
15.bxc3 Be6 16.Kc2 Nd7 17.Bg5 Ne5 18.Rb1 b6 19.Kb3 b5 20.Kb4 Nxc4 21.Kc5 Na5
22.Kd6 Rc8 23.f4 Nb7+ 24.Ke5 Re8 25.Kd4 Bxa2 26.Ra1 c5+ 27.Ke3 Bd5 28.e5 b4
29.cxb4 cxb4 30.Kd4 Bxg2 31.Rxa7 Nd8 32.Kc4 Ne6 33.Bh6 Rb8 34.Bd1 Rd8 35.Bc2 Rd4+
36.Kb5 Bc6+ 37.Kxc6 Rc4+ 38.Kb5  1-0

[Event "Open"]
[Site "Birstonas LIT"]
[Date "2002.08.20"]
[Round "4"]
[White "Genutis,M"]
[Black "Lutsko,I"]
[Result "1/2-1/2"]
[WhiteElo "2214"]
[BlackElo "2398"]

1.d4 Nf6 2.c4 g6 3.Nc3 Bg7 4.e4 d6 5.Nf3 O-O 6.Be2 Na6 7.O-O e5 8.Re1 Qe8
9.Bf1 Bg4 10.d5 Nb4 11.Be2 a5 12.Be3 Bd7 13.Nd2 Na6 14.Rb1 Kh8 15.a3 a4 16.Nb5 Qb8
17.Qxa4 c6 18.dxc6 bxc6 19.Nc3 d5 20.exd5 cxd5 21.Nb5 dxc4 22.Qxc4 Ng4 23.Nc3 Nxe3
24.fxe3 Qa7 25.Nf1 Nc5 26.Bf3 Rac8 27.Red1 Bf5 28.Nb5 Qb8 29.Nd6 e4 30.Nxc8 exf3
31.Nd6 Bxb1 32.Nxf7+ Rxf7 33.Qxf7 Bc2 34.Rd2 Bb3 35.Qxf3 Qe8 36.Ng3 h5 37.Qf4 Kh7
38.Nxh5 Ne4 39.Nxg7 Qc6 40.Re2 Kxg7 41.Re1 Qc2 42.h4 Bc4 43.Kh2 Bd3 44.b4 Qd2
45.Qc7+ Kh6 46.Qf4+ Kg7 47.Qc7+ Kh6 48.Qf4+ Kg7  1/2-1/2

[Event "22nd Open"]
[Site "Bratto ITA"]
[Date "2002.08.20"]
[Round "1"]
[White "Grooten,H"]
[Black "Cazzaniga,W"]
[Result "1-0"]
[WhiteElo "2375"]
[BlackElo "2121"]

1.d4 Nf6 2.c4 g6 3.Nc3 Bg7 4.e4 d6 5.Nf3 O-O 6.Be2 e5 7.Be3 Ng4 8.Bg5 f6
9.Bh4 Nc6 10.d5 Ne7 11.Nd2 Nh6 12.g4 Kh8 13.f3 Neg8 14.b4 Qe7 15.Rc1 a5 16.a3 axb4
17.axb4 b6 18.Nb5 Nf7 19.c5 bxc5 20.bxc5 dxc5 21.Qc2 Ba6 22.Qxc5 Qxc5 23.Rxc5 Bxb5
24.Rxb5 Rfb8 25.O-O Bf8 26.Rc1 Bd6 27.Bf2 Kg7 28.Rxb8 Rxb8 29.Nc4 Rb7 30.h4 Ne7
31.Ra1 f5 32.Kf1 fxe4 33.fxe4 h6 34.Ra7 Rxa7 35.Bxa7 c6 36.Nxd6 Nxd6 37.Bc5 Nec8
38.dxc6 Nxe4 39.Ba6 Kf7 40.Bxc8 Nxc5 41.c7  1-0

[Event "13th Summer Open"]
[Site "Recklinghausen GER"]
[Date "2002.08.20"]
[Round "4"]
[White "Levin,F"]
[Black "Halasz,T"]
[Result "1/2-1/2"]
[WhiteElo "2524"]
[BlackElo "2386"]

1.d4 Nf6 2.c4 g6 3.Nc3 Bg7 4.e4 d6 5.Be2 O-O 6.Nf3 e5 7.Be3 Ng4 8.Bg5 f6
9.Bc1 Nc6 10.d5 Ne7 11.h3 Nh6 12.h4 c6 13.h5 g5 14.Nh2 cxd5 15.cxd5 Bd7 16.g4 a6
17.a4 b5 18.axb5 axb5 19.Rxa8 Qxa8 20.Bxb5 Bxb5 21.Nxb5 Qa5+ 22.Nc3 Rb8 23.Nf1 Nc8
24.Ne3 Nb6 25.f3 Bf8 26.O-O Be7 27.Bd2 Qb4 28.Qc2 Nc4 29.Nxc4 Qxc4 30.Be3 Qb4
31.Na4 Bd8 32.Rc1 Nf7 33.Qc4 Qb7 34.Kg2 Kf8 35.Bd2 Ke7 36.b4 Qa7 37.b5 Qd4
38.Qxd4 exd4 39.Rb1 Ne5 40.Kf1 Nxf3 41.Ke2 Ne5 42.b6 d3+ 43.Ke3 Bxb6+ 44.Nxb6 Rxb6
45.Rxb6 Nc4+ 46.Kxd3 Nxb6 47.Bc3 Nd7 48.Bd4 Kd8 49.Kc4 Kc7  1/2-1/2

[Event "XIV Open"]
[Site "Porto San Giorgio ITA"]
[Date "2002.08.23"]
[Round "4"]
[White "Arlandi,E"]
[Black "Pietrobon,F"]
[Result "1-0"]
[WhiteElo "2454"]
[BlackElo "2217"]

1.d4 Nf6 2.c4 g6 3.Nc3 Bg7 4.e4 d6 5.Nf3 O-O 6.Be2 e5 7.O-O Nbd7 8.Re1 c6
9.Bf1 Qc7 10.Rb1 Rd8 11.b4 Nf8 12.d5 Bd7 13.h3 Rac8 14.Be3 cxd5 15.Bg5 Be6
16.exd5 Bf5 17.Rc1 h6 18.Be3 b6 19.Nd2 Ne8 20.Nb3 Bd7 21.f4 Kh7 22.Qd2 exf4
23.Bxf4 Bf5 24.Nb5 Qb8 25.Rxe8 Rxe8 26.Nxd6 Be5 27.Bxe5 Rxe5 28.Nxc8 Qxc8
29.Re1 Be4 30.Nd4 a6 31.Qf4  1-0

[Event "Open"]
[Site "Birstonas LIT"]
[Date "2002.08.24"]
[Round "8"]
[White "Bercys,S"]
[Black "Tokmachev,V"]
[Result "1-0"]
[WhiteElo "2174"]
[BlackElo "2044"]

1.d4 Nf6 2.c4 g6 3.Nc3 Bg7 4.e4 d6 5.Nf3 O-O 6.Be2 e5 7.Be3 Ng4 8.Bg5 f6
9.Bh4 g5 10.Bg3 Nh6 11.dxe5 dxe5 12.Qb3 c6 13.c5+ Nf7 14.Nd2 Qe7 15.Na4 Rd8
16.Qc2 Nd7 17.O-O Nf8 18.b4 Ne6 19.Nb3 Nf4 20.Bc4 h5 21.f3 h4 22.Bf2 Kh7
23.h3 Nh8 24.Rfd1 Nhg6 25.Rxd8 Qxd8 26.Rd1 Qe7 27.Qd2 Bf8 28.Nc3 Qg7 29.Be3 Ne7
30.Qf2 Ne6 31.Rd6 Nf4 32.Bxf4 exf4 33.Qd4 f5 34.Rf6 b5 35.cxb6 axb6 36.Rf7 b5
37.Rxg7+ Bxg7 38.Qd3 bxc4 39.Qxc4 Ba6 40.Qc5 Re8 41.Nd4 g4 42.hxg4 fxg4 43.Qh5+ Kg8
44.Qxe8+  1-0